000 01425nam2a22003011 4500
001 v19\rc\1770487
005 20250619070930.0
035 _a(NLR Aleph) 004868196
090 _a5075562
_c5075562
100 _a20061204d1903 |||y0rusy50 ca
101 0 _arus
102 _aRU
105 _ab z |||||
200 0 _aЧ. 1
215 _a[2], VIII, 300, III с., 1 л. карт.
320 _aБиблиогр.: Источники (с. V-VII)
461 0 _1001v19\rc\1770486
_12001#$aОпыт военно-статистического описания Илийского края$fСост. Ген. штаба подполк. Д. Федоровым$gПод ред. Ген. штаба ген.-майора Тихменева. Ч. 1-2$vЧ. 1
_1700#1$aФедоров$bД.Я.$f1869-$gДмитрий Яковлевич$4220
_95075555
_aФедоров, Д.Я. (1869-)
_cТашкент
_d1903
_fСост. Ген. штаба подполк. Д. Федоровым
_nШтаб Туркестанск. воен. окр.
_p2 т.
_tОпыт военно-статистического описания Илийского края
_vЧ. 1
801 0 _aRU
_bNLR
_gpsbo
801 0 _aRU
_bRuMoRGB
_2psbo
801 1 _aRU
_bProSoft-M
_2rusmarc
852 _aNLR
_j38.68.7.40
899 _aRuMoRGB
_jC 26/516
899 _aRuMoRGB
_jJ 86/37
899 _aНБ СПбГУ
899 _aГПИБ
899 _aНБ МГУ
942 _cBOOK
980 _aNB